| 000 | 00627nam a22001937a 4500 | ||
|---|---|---|---|
| 999 |
_c192386 _d192386 |
||
| 005 | 20220920151134.0 | ||
| 010 | _aENG-135145 | ||
| 020 |
_a9789387678460 _c150.00 |
||
| 035 | _aEN-118677 | ||
| 037 | _bDBAD / PUB | ||
| 082 | _a230.1 | ||
| 245 |
_aSaibaba's Invaluable Message/ _c Edited by Nandkumar Fulchand Yewale; Translation by Anuradha Gupte |
||
| 260 |
_aPune _bContinental Prakashan _c2020 |
||
| 270 |
_bPune _a2159/2, Vijaynagar, Pune _e411030 _l020-24337982 |
||
| 300 |
_a152p. _c22cm(pbk). |
||
| 700 | _aYewale, Nandkaumar Fulchand | ||
| 700 | _aGupte, Anuradha | ||
| 942 |
_2ddc _cEN _mYEW _h230.1 |
||